000 00463nam a2200157Ia 4500
008 140609s9999 xx 000 0 und d
020 _a9780760959497
050 _aLB 1139.5
_b.B854 2010
245 _aBrigance readiness activities.
260 _aNorth Billerica, MA :
_bCurriculum Associates,
_cc2010.
300 _a430 p. :
_bcol. ill. ;
_c29x30 cm.
500 _aIncludes bibliographical references.
521 _aGE
942 _kFOR
_cBK
999 _c118070
_d118070